00956nam a2200229 i 4500001000700000003000900007005001700016008004100033080003400074100005500108245005200163260003000215300002200245490001700267597006400284598007200348600010200420830002500522852003800547999001900585952012200604184103ES-MaACL20250915063106.0150316s1943 sp |||| |bspa d a929 Catalina de Aragón (42)1 aXiménez de Sandoval, Felipe, d1903-1978911751010aCatalina de Aragón / cTomás Crame [seud.]. aMadrid : bAtlas, c1943. a157 p. ; c20 cm.1 aVidas ; v11 aCon sello de: Biblioteca D.P. Educación Nacional, Madrid. aColección de biografías... bajo la dir. de Joaquín Arrarás.07aCatalina de Aragón, cReina consorte de Enrique VIII, Rey de Inglaterra, d1485-1536291387690 aVidas ; v119192031 aES-MaACLjE-15497 z. - enc. hol. c184103d184103 00104070aATENEOMbATENEOMcDEPO2d2015-03-16eSCl0oE-15497p1193614r2023-02-23 00:00:00w2023-02-23yMONOGRAFIA